000 00567nam a2200241Ia 4500
003 IT-RoPAU
008 120407s9999 xx 000 0 und d
040 _aIT-RoPAU
040 _cIT-RoPAU
041 _aita
100 _aSanzio Cicatelli
245 _aUn uomo venuto per servire. Camillo de Lellis nell’antica cronaca di un testimone oculare.
250 _aMilano
260 _aRusconi
260 _c1984
300 _a227 p.
300 _bill.
300 _c22 cm
490 _aDimensione religiosa
490 _v1
942 _cBK
999 _c29498
_d29498